| 000 | 00698nas a2200241 4500 | ||
|---|---|---|---|
| 001 | BR8103797 | ||
| 003 | BR-BrBNA | ||
| 005 | 20231205084814.0 | ||
| 007 | ta | ||
| 008 | 230509b bl.|||p| |||| 00| 00por d | ||
| 040 |
_aBR-BrBNA _bpor _cBiblioteca Nacional de Agricultura |
||
| 041 | _a(Pt) | ||
| 072 | _aP05 | ||
| 100 | 1 | _aTomaselli, I. | |
| 245 | 1 | _aA contribuicao da biomassa florestal [Recurso energetico; Carvao; Madeira] | |
| 650 | _aCARVAO | ||
| 650 | _aMADEIRA | ||
| 650 | _aBIOMASSA | ||
| 650 | _aCOMBUSTIVEL | ||
| 773 | 0 |
_tBrasil Florestal (Brazil) _xISSN 0100-3119 _g(Jun 1981), v. 5(53) p. 41-47 _wBR8103797 |
|
| 909 |
_a202311 _bLúcia _c55 _dLúcia Elande |
||
| 942 |
_2AGRIS _n0 _cANA |
||
| 999 |
_c107396 _d107396 |
||